Регионална библиотека "Любен Каравелов" - Русе

Малкият Никола (Запис номер 145640)

MARC детайли
000 -Лидер
Контролно поле с фиксирана дължина nam a22 a 4500
003 - Код на организацията, давaща контролен номер
Контролно поле BLK
005 - Дата и час на последна редакция
Контролно поле 20230127123246.0
008 - Елементи от данни с фиксирана дължина
fixed length control field 180410b bul|||||r ||||||| ||bul||
010 ## - Наследен системен номер
LC control number KNG00151822000
040 ## - Източник на каталожния запис
Идентификатор на билиотеката - собственик на записа BLK
041 ## - Код за език
Код за езика на текст/звукозапис или на отделно заглавие Български
Код за езика КДБФ Български
080 ## - УДК
Текстов определител УДК Френска литература
УДК код - определител по УДК 821.133.1
УДК определител -93-32
УДК - код + определител 821.133.1-93-32
100 1# - Редна дума - Автор
Автор Госини, Рьоне
Авторска отговорност първи автор
R(LIN) 55312
139 ## - Редно поле
Редна дума Госини, Рьоне
Авторски знак Гос - Г 70
245 10 - Сведения за заглавието
Заглавие Малкият Никола
Подзаглавни данни Разкази
Редно поле (дума) Рьоне Госини; подб. и прев. от фр. Венелин Йовков Пройков; худож. Семпе.
257 ## - Страна на издаване
Страна на създаване/издаване Франция
260 ## - Област на издателските данни
Място на издаване, разпространение и проч. София
Име на издателя, разпространителя и проч. Отечество
Година на издаване 1982
300 ## - Физическа характеристика
Страници 176 с.
Илюстрации и др. с ил.
Размери/Мащаб 22 см
380 ## - Жанр
Жанр Детска худож. лит.
490 ## - СЕРИИ (Колекции)
Име на серия Библиотека Смехурко
№: серия 14
9 (RLIN) 203852
500 ## - Общи забележки
Забележка Прев. е направен от Le petit Nicolas ; Les recres du petit Nicolas ; Les vacances du petit Nicolas ; Le petit Nicolas et les copains ; Joachim a des ennuis. - 55 115 тир.
653 ## - Ключова дума – ненормативна
Ключова дума детска литература
653 ## - Ключова дума – ненормативна
Ключова дума литература за деца
700 1# - Други автори (авторска отговорност)
Лично име Пройков, Венелин Йовков
Автороска отговорност (Описва отношението между автора и произведението) подб. и прев. от фр.
9 (RLIN) 379987
700 1# - Други автори (авторска отговорност)
Лично име Семпе
Автороска отговорност (Описва отношението между автора и произведението) худож.
9 (RLIN) 119651
852 ## - Местоположение
Форматна сигнатура Цб 262679
856 4# - Електронен адрес и достъп
Електронен формат pdf - файл
Инструкция (цена за достъп) 0.88
Права за достъп disable
856 4# - Електронен адрес и достъп
Електронен формат pdf - файл
Инструкция (цена за достъп) 0.88
Права за достъп disable
999 ## - СИСТЕМНИ КОНТРОЛНИ НОМЕРА
Koha biblionumber 145640
Koha biblioitemnumber 145640
942 ## - АРТИКУЛИ
Вид на библиотечния материал Книги
Скрит в OPAC Не
Koha issues (borrowed), all copies 3
Периодичен библиозапис Да
944 ## - СЪЗДАВАНЕ И РЕДАКЦИЯ на ЗАПИСА
Създаване/Редакция Създаване
Дата на регистрацията/редакция 15.10.2013
Статус, дата на статуса 15.10.2013 - от С1,Р / 15.10.2013
Служител, извършил регистрацията/редакцията Ивайло_Василев
944 ## - СЪЗДАВАНЕ И РЕДАКЦИЯ на ЗАПИСА
Създаване/Редакция Редакция
Дата на регистрацията/редакция 20.09.2017
Статус, дата на статуса 15.10.2013 - от С1,Р / 15.10.2013
Служител, извършил регистрацията/редакцията Севдалина_Василева
999 ## - СИСТЕМНИ КОНТРОЛНИ НОМЕРА
Koha biblioitemnumber 145640
Наличности
Код за отписване Код за изгубен артикул Източник на класификационната схема Код за повреда Коз за рестрикции Код за отдаване Артикулен № Име на библиотеката - собственик Име на библиотеката, в която се намира в момента Статус (Текущо местоположение) Дата на вписване в системата Местоположение - отдел Цена в лева Инвентарен номер Систематично азбучна сигнатура Баркод Номер на екземпляра Цена в евро Служебна бележка Служебен тип на артикула Бележка за публиката
  Не е изгубен Universal Decimal Classification Не е повреден без рестрикции ползва се в читалня 241905 Регионална библиотека "Любен Каравелов" Русе Регионална библиотека "Любен Каравелов" Русе Хранилище 1982-01-01 Хранилище 2.50 362443 Цб 262679 120000362443 1 1.28 N: стар фонд Дата: 01.01.1982 Книги  
Изтеглен Не е изгубен Universal Decimal Classification Не е повреден без рестрикции заемане за дома 241906 Регионална библиотека "Любен Каравелов" Русе Регионална библиотека "Любен Каравелов" Русе Детски отдел 1982-01-01 Детски отдел 2.50 361708 ДХ 820/899/Г 70 361708 2 1.28 N: стар фонд Дата: 01.01.1982 Дата инв: 10.08.2015 Бележки инв: Д2015 Книги  
Изтеглен Не е изгубен Universal Decimal Classification Не е повреден без рестрикции заемане за дома 241907 Регионална библиотека "Любен Каравелов" Русе Регионална библиотека "Любен Каравелов" Русе Детски отдел 1982-01-01 Детски отдел 2.50 361709 ДХ 820/899/Г 70 361709 3 1.28 N: стар фонд Дата: 01.01.1982 Дата инв: 08.09.2015 Бележки инв: Д2015 Книги  
Изтеглен Не е изгубен   Не е повреден без рестрикции заемане за дома 241908 Регионална библиотека "Любен Каравелов" Русе Регионална библиотека "Любен Каравелов" Русе   1982-01-01 Детски отдел 2.50 665234 ДХ 820/899/Г 70 665234 4 1.28 N: стар фонд Дата: 01.01.1982 Дата инв: 08.09.2015 Бележки инв: Д2015 Книги Отч.N: 33/2017 , Дата: 04.09.2017
Vip Innovations Ltd, Rousse, Bulgaria 2025